000 00414nam a2200109Ia 4500
008 171204s9999 xx 000 0 und d
245 _aClickbank Affiliate Marketing 101 (passive Income Model): ClickBank without a Website - Training for Massive Amounts of Traffic
245 _cJoseph Onifade
260 _c2015
650 _xMARKETING MANAGEMENT
856 _uhttp://down.ebook777.com/027/CliAffMar101(paIncMod.pdf
999 _c347040
_d347040